| 000 | 00978nam a2200277Ia 4500 | ||
|---|---|---|---|
| 001 | dia_4496 | ||
| 003 | CHAP | ||
| 005 | 20251021141357.0 | ||
| 008 | 220117s xx 000 0 und d | ||
| 010 | _a175157 | ||
| 040 | _cCHAP | ||
| 082 | _a637.1 W6 2006 | ||
| 090 | _a637.1 W3 2006 | ||
| 100 |
_aWalstra Pieter _9120967 |
||
| 245 |
_aDairy Scence And Technology / _c By Pieter Walstra, Jan T. Wouter Tom J. Geurts |
||
| 260 |
_aBoca De Raton Crc/Taylor & Francis 2 Ed. _c |
||
| 300 | _a782 p. (tecnología alimentaria 146) include bibliographical refence | ||
| 500 | _aI.249440 | ||
| 650 |
_aLeche _965357 |
||
| 650 |
_aLeche Productos Lácteos I Wourter, Jam Tm II Geurts TJ (Tom J.) III Tecnología Productos Lácteos IV Ciencia Y Tecnología Alimentaria 146 _9156044 |
||
| 650 |
_aProductos Lácteos _992124 |
||
| 901 | _a637.1 W6 2006 | ||
| 902 | _aM | ||
| 905 | _a000000 2006 0000000000ENG00 | ||
| 942 |
_cLIBRO _2ddc |
||
| 999 |
_c175157 _d175157 |
||